[Event "Prebor mesta Vsetina 2017"]
[Site "?"]
[Date "2017.07.08"]
[Round "9"]
[White "Jasny, Stanislav"]
[Black "Sosna, Jan"]
[Result "1/2-1/2"]
[WhiteElo "2363"]
[BlackElo "2341"]
[PlyCount "24"]
[EventDate "2017.??.??"]

1.e4 e5 2.Nf3 Nc6 3.Bb5 Nf6 4.O-O Nxe4 5.Re1 Nd6 6.Nxe5 Be7 7.Bf1 O-O 8.d4 Nf5
9.c3 Nxe5 10.Rxe5 d5 11.Bd3 g6 12.Nd2 c6 1/2-1/2

[Event "Prebor mesta Vsetina 2017"]
[Site "?"]
[Date "2017.07.08"]
[Round "9"]
[White "Weinzettl, Ernst"]
[Black "Bosak, Jan"]
[Result "1-0"]
[WhiteElo "2290"]
[BlackElo "2151"]
[PlyCount "73"]
[EventDate "2017.??.??"]

1.e4 e6 2.d4 d5 3.Nd2 Nf6 4.e5 Nfd7 5.Ngf3 Be7 6.c4 dxc4 7.Bxc4 Nb6 8.Bb3 Bd7
9.O-O Bc6 10.Qe2 Bd5 11.Bc2 Nc6 12.Rd1 Nb4 13.Bb1 Qd7 14.a3 Qa4 15.b3 Qa6 16.
Qe3 Bxf3 17.Qxf3 N6d5 18.Bb2 Nc6 19.Be4 Rd8 20.Nc4 Na5 21.Rac1 O-O 22.Nd2 Qb6
23.Bd3 f6 24.exf6 Rxf6 25.Qe4 g6 26.b4 Rdf8 27.Ba1 Nc6 28.Nc4 Qa6 29.Ne3 Qxa3
30.Nxd5 exd5 31.Qxd5+ Kg7 32.Qe4 Kf7 33.d5 Nxb4 34.Bxf6 Nxd3 35.Qe6+ Ke8 36.
Rxc7 Rxf6 37.Rc8# 1-0

[Event "Prebor mesta Vsetina 2017"]
[Site "?"]
[Date "2017.07.08"]
[Round "9"]
[White "Skalsky, Alexandr"]
[Black "Dzikowski, Michal"]
[Result "1/2-1/2"]
[WhiteElo "2071"]
[BlackElo "2147"]
[PlyCount "66"]
[EventDate "2017.??.??"]

1.e4 c6 2.d4 d5 3.e5 Bf5 4.Nf3 e6 5.Be2 Nd7 6.O-O Bg6 7.Nbd2 Nh6 8.Nb3 Nf5 9.
Bd2 Be7 10.g4 Nh6 11.Ne1 Qc7 12.f4 Be4 13.Bd3 Bxd3 14.Nxd3 c5 15.Nbxc5 Nxc5
16.dxc5 Bxc5+ 17.Nxc5 Qxc5+ 18.Kh1 Qc4 19.Qf3 Qxc2 20.Bb4 Nxg4 21.Qxg4 Qe4+
22.Rf3 h5 23.Qg2 Qxb4 24.Qxg7 Qf8 25.Qf6 Rc8 26.f5 Qh6 27.fxe6 fxe6 28.Qf7+
Kd8 29.Rg1 Rc1 30.Rxc1 Qxc1+ 31.Rf1 Qc4 32.Rf4 Qc1+ 33.Rf1 Qc4 1/2-1/2

[Event "Prebor mesta Vsetina 2017"]
[Site "?"]
[Date "2017.07.08"]
[Round "9"]
[White "Horak, Martin"]
[Black "Kuchar, Matej"]
[Result "0-1"]
[WhiteElo "2073"]
[BlackElo "2018"]
[PlyCount "84"]
[EventDate "2017.??.??"]

1.e4 c6 2.d4 d5 3.e5 g6 4.f4 Bf5 5.Nf3 e6 6.Bd3 Ne7 7.O-O Nd7 8.Nc3 c5 9.Nb5
Nc6 10.Bxf5 gxf5 11.c4 Nb6 12.cxd5 Nxd5 13.Kh1 Qb6 14.Nc3 Rd8 15.dxc5 Nxc3 16.
Qe1 Qb5 17.bxc3 Bxc5 18.Be3 Bxe3 19.Qxe3 Rd3 20.Qe2 Qc4 21.Rab1 b6 22.Rfd1
Rxd1+ 23.Qxd1 O-O 24.Ng5 h6 25.Qh5 Kg7 26.Qh4 Nxe5 27.Nh3 Ng6 28.Qe1 Rd8 29.
Rb3 Qe4 30.Qxe4 fxe4 31.g3 Rd1+ 32.Ng1 Rd2 33.Ra3 a5 34.Rb3 Rxa2 35.Rxb6 a4
36.c4 Rc2 37.Rb4 a3 38.Ra4 a2 39.c5 e3 40.c6 e2 41.Nxe2 Rxe2 42.c7 Ne7 0-1

[Event "Prebor mesta Vsetina 2017"]
[Site "?"]
[Date "2017.07.08"]
[Round "9"]
[White "Stepan, Patrik"]
[Black "Havelka, Ondrej"]
[Result "1/2-1/2"]
[WhiteElo "2268"]
[BlackElo "2104"]
[PlyCount "78"]
[EventDate "2017.??.??"]

1.d4 e6 2.c4 f5 3.g3 Nf6 4.Bg2 d5 5.Nf3 Bd6 6.b3 O-O 7.Ba3 b6 8.O-O Bb7 9.Ne5
Nbd7 10.f4 Qe7 11.Qc1 Rac8 12.e3 c5 13.Nd2 b5 14.Qd1 b4 15.Bb2 Nb6 16.Rc1 Rfd8
17.Qe1 a5 18.Nd3 dxc4 19.bxc4 Bxg2 20.Kxg2 Na4 21.Ba1 Qb7+ 22.Kg1 Ne4 23.Nb3
Qa6 24.dxc5 Naxc5 25.Ndxc5 Nxc5 26.Qe2 a4 27.Nd4 Bf8 28.Nb5 b3 29.Bd4 Ne4 30.
axb3 axb3 31.Rb1 Qa2 32.Rb2 Qa4 33.Rc1 Qxb5 34.cxb5 Rxc1+ 35.Kg2 Rdc8 36.Qd3
R8c2+ 37.Rxc2 Rxc2+ 38.Kg1 Rc1+ 39.Kg2 Rc2+ 1/2-1/2

[Event "Prebor mesta Vsetina 2017"]
[Site "?"]
[Date "2017.07.08"]
[Round "9"]
[White "Babula, Milan"]
[Black "Pycha, Patrik"]
[Result "1/2-1/2"]
[WhiteElo "2244"]
[BlackElo "2060"]
[PlyCount "52"]
[EventDate "2017.??.??"]

1.e4 e6 2.d4 d5 3.Nc3 Bb4 4.e5 c5 5.a3 Bxc3+ 6.bxc3 Ne7 7.Nf3 b6 8.Bb5+ Bd7 9.
a4 Bxb5 10.axb5 Qd7 11.dxc5 Qxb5 12.cxb6 Qxb6 13.Qd4 Nd7 14.Ba3 Qxd4 15.cxd4
Nb6 16.Bc5 Nd7 17.Bd6 Nc8 18.Bb4 Ncb6 19.Ke2 f6 20.exf6 gxf6 21.Ra2 Kf7 22.
Rha1 Rhc8 23.Ne1 Rc7 24.Nd3 Nc4 25.Ra6 Nb8 26.R6a2 Nd7 1/2-1/2

[Event "Prebor mesta Vsetina 2017"]
[Site "?"]
[Date "2017.07.08"]
[Round "9"]
[White "Zvolanek, Libor"]
[Black "Zadrapa, Radek"]
[Result "1/2-1/2"]
[WhiteElo "2176"]
[BlackElo "2060"]
[PlyCount "40"]
[EventDate "2017.??.??"]

1.d4 Nf6 2.c4 e6 3.Nf3 d5 4.Bg5 Be7 5.e3 O-O 6.Nc3 Nbd7 7.Qc2 c5 8.cxd5 exd5
9.Be2 b6 10.O-O Bb7 11.Rfd1 Rc8 12.Qf5 g6 13.Qh3 Re8 14.Bb5 Bc6 15.Ba6 Ra8 16.
Bf4 Bf8 17.Nb5 Nh5 18.Bc7 Qf6 19.Bg3 Nxg3 20.hxg3 Nb8 1/2-1/2

[Event "Prebor mesta Vsetina 2017"]
[Site "?"]
[Date "2017.07.08"]
[Round "9"]
[White "Lasczak, Przemyslaw"]
[Black "Husek, Martin"]
[Result "0-1"]
[WhiteElo "1864"]
[BlackElo "2137"]
[PlyCount "100"]
[EventDate "2017.??.??"]

1.d4 Nf6 2.c4 e6 3.Nc3 Bb4 4.e3 O-O 5.Bd3 d5 6.Ne2 c6 7.O-O Bd6 8.b3 Nbd7 9.
Bb2 Ng4 10.g3 f5 11.Qd2 Qg5 12.Kg2 Ndf6 13.Nd1 Ne4 14.Qc1 Qh5 15.h3 Ng5 16.Ng1
Nf6 17.f3 Qg6 18.Ne2 Qh5 19.Ng1 Ne8 20.Nc3 Rf6 21.Be2 Qg6 22.Qe1 f4 23.exf4
Bxf4 24.Rd1 Bd6 25.Bd3 Qh5 26.h4 Nf7 27.g4 Qh6 28.cxd5 Qf4 29.Rf2 cxd5 30.Nxd5
Qg3+ 31.Kf1 exd5 32.Qxe8+ Bf8 33.Ba3 Nd6 34.Bxd6 Qxd6 35.Qe5 Qd8 36.Re2 Bxg4
37.Rb2 Be6 38.Re1 Bd6 39.Qg5 Bf4 40.Qg2 Qd7 41.Rbe2 Raf8 42.Kf2 Bd6 43.Qg5 Be7
44.Qh5 Rh6 45.Qe5 Bxh4+ 46.Kg2 Bxe1 47.Rxe1 Bf5 48.Bxf5 Qxf5 49.Qxf5 Rxf5 50.
Re7 Rg5+ 0-1

[Event "Prebor mesta Vsetina 2017"]
[Site "?"]
[Date "2017.07.08"]
[Round "9"]
[White "Gratze, Michael"]
[Black "Kapusta, Petr"]
[Result "1/2-1/2"]
[WhiteElo "2057"]
[BlackElo "2175"]
[PlyCount "147"]
[EventDate "2017.??.??"]

1.e4 c5 2.Nf3 d6 3.Bb5+ Bd7 4.Bxd7+ Qxd7 5.c4 Nc6 6.d4 cxd4 7.Nxd4 Nf6 8.Nc3
g6 9.b3 Bg7 10.Bb2 O-O 11.O-O a6 12.Nxc6 Qxc6 13.Nd5 Nxd5 14.exd5 Qc5 15.Bxg7
Kxg7 16.Qe2 Rae8 17.b4 Qc7 18.Qb2+ Kg8 19.Qd4 e5 20.Qc3 Rc8 21.Rfc1 Rfd8 22.
Qe3 f5 23.h4 f4 24.Qe4 Qe7 25.c5 dxc5 26.bxc5 Rxc5 27.Rxc5 Qxc5 28.Qxe5 Qxd5
29.Qxf4 Rf8 30.Qe3 b5 31.Qb3 Qxb3 32.axb3 Ra8 33.b4 Kf7 34.Rc1 Ke6 35.Rc7 h5
36.Kf1 Kd6 37.Rg7 Kd5 38.Rc7 Re8 39.Rc5+ Kd6 40.Rg5 Re6 41.f3 Kc6 42.g4 hxg4
43.fxg4 a5 44.bxa5 b4 45.a6 Kb6 46.a7 Kxa7 47.Rb5 Re4 48.h5 gxh5 49.gxh5 Ka6
50.Rb8 Rh4 51.Ke2 Ka5 52.Kd3 Ka4 53.Kc2 Rh2+ 54.Kb1 Kb3 55.Rc8 Rxh5 56.Rc1 Rh2
57.Rg1 Rh3 58.Rf1 Kc3 59.Rc1+ Kb3 60.Rg1 Ka3 61.Rf1 Rb3+ 62.Ka1 Rb2 63.Rf3+
Rb3 64.Rf2 Rh3 65.Rf1 Rh2 66.Kb1 b3 67.Rg1 Rb2+ 68.Ka1 Rd2 69.Kb1 Kb4 70.Rh1
Kc3 71.Rg1 Rd3 72.Rh1 b2 73.Rg1 Kb3 74.Rg3 1/2-1/2

[Event "Prebor mesta Vsetina 2017"]
[Site "?"]
[Date "2017.07.08"]
[Round "9"]
[White "Krejca, Jakub"]
[Black "Zgarba, Radek"]
[Result "1-0"]
[WhiteElo "2115"]
[BlackElo "1838"]
[PlyCount "35"]
[EventDate "2017.??.??"]

1.e4 c5 2.Nf3 d6 3.d4 cxd4 4.Nxd4 Nf6 5.Nc3 a6 6.Bg5 e6 7.f4 h6 8.Bxf6 Qxf6 9.
Qd2 Nc6 10.Nxc6 bxc6 11.O-O-O d5 12.exd5 cxd5 13.Nxd5 exd5 14.Qxd5 Ra7 15.Bb5+
axb5 16.Rhe1+ Be6 17.Qc6+ Ke7 18.Qd6+ 1-0

[Event "Prebor mesta Vsetina 2017"]
[Site "?"]
[Date "2017.07.08"]
[Round "9"]
[White "Vraj, Karel"]
[Black "Bednarik, Josef"]
[Result "0-1"]
[WhiteElo "1778"]
[BlackElo "2183"]
[PlyCount "76"]
[EventDate "2017.??.??"]

1.e4 c5 2.Nf3 Nc6 3.d4 cxd4 4.Nxd4 Nf6 5.Nc3 e5 6.Ndb5 d6 7.Bg5 a6 8.Na3 Be7
9.Bxf6 gxf6 10.Nd5 f5 11.Nxe7 Kxe7 12.Bd3 fxe4 13.Bxe4 Be6 14.O-O h5 15.Bd5
Qg8 16.Nc4 Rd8 17.c3 Qg5 18.Nb6 Rhg8 19.Qf3 Rg7 20.Qg3 Rdg8 21.Bxe6 Qxg3 22.
fxg3 Kxe6 23.Rf2 f5 24.Raf1 Ne7 25.Nc4 d5 26.Ne3 Rf7 27.Re1 Nc8 28.Rd2 Rd8 29.
Nc4 e4 30.Ne3 Ne7 31.Nc2 Ke5 32.Nd4 Nc6 33.Kf2 Kf6 34.Nxc6 bxc6 35.Ke3 c5 36.
b4 cxb4 37.cxb4 Rc7 38.Rf1 Ke5 0-1

[Event "Prebor mesta Vsetina 2017"]
[Site "?"]
[Date "2017.07.08"]
[Round "9"]
[White "Peterka, Josef"]
[Black "Russel, Bernhard"]
[Result "1-0"]
[WhiteElo "1796"]
[BlackElo "1928"]
[PlyCount "79"]
[EventDate "2017.??.??"]

1.d4 Nf6 2.Bg5 d5 3.e3 Bf5 4.c4 e6 5.Qb3 b6 6.Bxf6 gxf6 7.cxd5 exd5 8.Bd3 Bg6
9.Ne2 c6 10.Qc2 Bd6 11.Nbc3 Qd7 12.Ng3 Na6 13.Bf5 Qb7 14.a3 Nc7 15.Rc1 Ne6 16.
Nce2 Rc8 17.h4 Bb8 18.h5 Bxf5 19.Qxf5 Ke7 20.h6 Rcg8 21.f4 Rg6 22.Kf2 Rhg8 23.
Qc2 c5 24.Nf5+ Kd7 25.g3 Rh8 26.Rh5 Bd6 27.Nh4 Rgg8 28.Qf5 Rc8 29.Qxd5 Qxd5
30.Rxd5 Nc7 31.Rf5 Ke7 32.d5 b5 33.e4 c4 34.Kf3 Na6 35.Nd4 Nc5 36.Nc6+ Ke8 37.
Nxa7 Rb8 38.Nc6 Rb7 39.Rxf6 Nd3 40.Rxd6 1-0

[Event "Prebor mesta Vsetina 2017"]
[Site "?"]
[Date "2017.07.08"]
[Round "9"]
[White "Mostek, Jan"]
[Black "Kovarik, Matyas"]
[Result "0-1"]
[WhiteElo "1774"]
[BlackElo "1890"]
[PlyCount "120"]
[EventDate "2017.??.??"]

1.e4 e6 2.d4 d5 3.exd5 exd5 4.Nf3 Bd6 5.c4 Nf6 6.Nc3 O-O 7.Be2 dxc4 8.Bg5 h6
9.Bh4 Be6 10.O-O Nbd7 11.a4 c6 12.Qc2 Nb6 13.Ne4 Be7 14.Nc5 Bxc5 15.dxc5 Nbd7
16.Rfd1 Qe7 17.Bg3 Ne8 18.Bd6 Nxd6 19.cxd6 Qf6 20.Bxc4 Nb6 21.Bxe6 Qxe6 22.a5
Nd5 23.Qc5 Rfd8 24.a6 b6 25.Qxc6 Qxd6 26.Qxd6 Rxd6 27.g3 Rad8 28.Rac1 Nb4 29.
Rxd6 Rxd6 30.Rc7 Nxa6 31.Rxa7 Nc5 32.Ne5 Nd3 33.Ra8+ Kh7 34.Nxd3 Rxd3 35.Ra3
Rxa3 36.bxa3 Kg6 37.Kf1 Kf5 38.Ke2 Ke4 39.f3+ Kd4 40.Kd2 f5 41.g4 f4 42.h4 g5
43.hxg5 hxg5 44.a4 Kc4 45.Kc2 Kb4 46.Kd3 Kxa4 47.Ke4 b5 48.Kf5 b4 49.Kxg5 b3
50.Kxf4 b2 51.Kg5 b1=Q 52.f4 Kb5 53.f5 Kc6 54.Kf6 Kd7 55.g5 Ke8 56.Ke6 Qb6+
57.Ke5 Kf7 58.Ke4 Qc5 59.Kf4 Qd5 60.Kg4 Qe4+ 0-1

[Event "Prebor mesta Vsetina 2017"]
[Site "?"]
[Date "2017.07.08"]
[Round "9"]
[White "Mica, Marek"]
[Black "Vraj, Ondrej"]
[Result "1/2-1/2"]
[WhiteElo "1974"]
[BlackElo "1816"]
[PlyCount "94"]
[EventDate "2017.??.??"]

1.d4 d5 2.c4 e6 3.Nc3 Nf6 4.Bg5 Be7 5.e3 O-O 6.Nf3 Nbd7 7.Rc1 c6 8.Bd3 dxc4 9.
Bxc4 Nd5 10.Bxe7 Qxe7 11.O-O Nxc3 12.bxc3 e5 13.Rb1 e4 14.Nd2 Nf6 15.Rb3 Bf5
16.a4 Qc7 17.Be2 b6 18.c4 Rfe8 19.Ra3 Rab8 20.Rc3 Qd7 21.Kh1 Bg4 22.f3 Bh5 23.
Rf2 Re7 24.f4 Bxe2 25.Rxe2 Ne8 26.h3 f5 27.Re1 Nf6 28.Qb3 Kh8 29.Rb1 a6 30.Qa2
Ree8 31.Nf1 Qe6 32.Qe2 Rb7 33.Rcb3 Reb8 34.Kh2 Qd7 35.Qb2 Ne8 36.Nd2 Nd6 37.g3
b5 38.axb5 axb5 39.c5 Nc8 40.Nc4 Ra8 41.Ne5 Qc7 42.Ra3 Rba7 43.Rba1 Ne7 44.Qa2
Rxa3 45.Nf7+ Kg8 46.Nh6+ Kh8 47.Nf7+ Kg8 1/2-1/2

[Event "Prebor mesta Vsetina 2017"]
[Site "?"]
[Date "2017.07.08"]
[Round "9"]
[White "Ambrozova, Lucie"]
[Black "Brousek, Jiri"]
[Result "1-0"]
[WhiteElo "1875"]
[BlackElo "2016"]
[PlyCount "79"]
[EventDate "2017.??.??"]

1.e4 e6 2.d4 d5 3.Nd2 Nf6 4.e5 Nfd7 5.Bd3 c5 6.c3 Nc6 7.Ne2 cxd4 8.cxd4 f6 9.
exf6 Nxf6 10.Nf3 Bd6 11.O-O O-O 12.Bg5 Qb6 13.Nc3 Bd7 14.Bh4 Rae8 15.Re1 a6
16.a3 Kh8 17.Bf1 Bf4 18.Bg3 Bxg3 19.hxg3 Ng4 20.Na4 Qd8 21.Nc5 Bc8 22.Nd3 Qf6
23.Nf4 g5 24.Nh3 h6 25.Re2 Qg6 26.Qc2 Qg7 27.Rd1 Nf6 28.Ne5 Nxe5 29.Rxe5 Ng4
30.Ree1 h5 31.f3 Nh6 32.f4 gxf4 33.Nxf4 Rxf4 34.gxf4 Nf5 35.Qxf5 exf5 36.Rxe8+
Kh7 37.Rxc8 Qg4 38.Rc7+ Kh6 39.Re1 Qg6 40.Rce7 1-0

[Event "Prebor mesta Vsetina 2017"]
[Site "?"]
[Date "2017.07.08"]
[Round "9"]
[White "Mlady, Pavel"]
[Black "Hrabovsky, Vladimir"]
[Result "0-1"]
[WhiteElo "1650"]
[BlackElo "2000"]
[PlyCount "114"]
[EventDate "2017.??.??"]

1.e4 c5 2.d4 cxd4 3.c3 d3 4.Bxd3 Nc6 5.Nf3 g6 6.O-O Bg7 7.Qe2 d6 8.h3 Nf6 9.
Rd1 Bd7 10.Be3 O-O 11.Nbd2 Qc7 12.Nb3 Rfc8 13.Rac1 a6 14.Nbd4 Qa5 15.Bb1 Ne5
16.Nxe5 Qxe5 17.f4 Qh5 18.Qxh5 Nxh5 19.f5 Nf6 20.Nf3 Bc6 21.fxg6 hxg6 22.Nd2
Nd7 23.Rf1 Ne5 24.Rce1 Bb5 25.Rf2 a5 26.Nf3 Nd3 27.Bxd3 Bxd3 28.Bg5 Rc7 29.e5
dxe5 30.Nxe5 Bf5 31.Nf3 Be6 32.a3 Re8 33.Rd2 Rc5 34.Be3 Rd5 35.Red1 Red8 36.
Nd4 Bc8 37.Nf3 Rxd2 38.Rxd2 Rxd2 39.Bxd2 e5 40.Be3 b5 41.Kf2 f5 42.Bb6 a4 43.
Bc7 e4 44.Nd4 Bd7 45.Bf4 Bf6 46.g3 g5 47.Bc1 Kf7 48.Be3 Kg6 49.Kg2 Be5 50.Ne2
Be6 51.g4 f4 52.Bd4 Bd6 53.Kf2 Bc4 54.Ng1 Kf7 55.Ne2 e3+ 56.Ke1 f3 57.Bxe3
fxe2 0-1

[Event "Prebor mesta Vsetina 2017"]
[Site "?"]
[Date "2017.07.08"]
[Round "9"]
[White "Filak, Josef"]
[Black "Sokolski, Aleksander"]
[Result "0-1"]
[WhiteElo "1765"]
[BlackElo "1868"]
[PlyCount "92"]
[EventDate "2017.??.??"]

1.e4 c6 2.d4 g6 3.f4 d5 4.e5 h5 5.Nf3 Bg4 6.Be2 e6 7.O-O Nh6 8.c3 Nf5 9.Ng5
Bxe2 10.Qxe2 Qb6 11.a4 c5 12.a5 Qc6 13.Nf3 c4 14.Na3 a6 15.Nc2 Qb5 16.b4 cxb3
17.Qxb5+ axb5 18.Nce1 Nc6 19.Nd2 b4 20.Nxb3 bxc3 21.Nc2 Nb4 22.Nxb4 Bxb4 23.
Ra4 Be7 24.Rf3 b5 25.Ra2 b4 26.Kf2 Kd7 27.Ke2 Kc6 28.Rf1 Kb5 29.Kd3 Rhc8 30.
Rff2 Bd8 31.a6 Rc6 32.a7 Bb6 33.Ra1 Rc7 34.h3 Rcxa7 35.Rb1 Ra2 36.Rxa2 Rxa2
37.g4 Ne7 38.Na1 Rh2 39.Nc2 Rxh3+ 40.Ke2 Nc6 41.gxh5 gxh5 42.Be3 Kc4 43.Na3+
bxa3 44.Rxb6 Nb4 45.Rb7 a2 46.Ra7 Rxe3+ 0-1

[Event "Prebor mesta Vsetina 2017"]
[Site "?"]
[Date "2017.07.08"]
[Round "9"]
[White "Vlachopulos, Elefteris"]
[Black "Budik, Pavel"]
[Result "1-0"]
[WhiteElo "1770"]
[BlackElo "1675"]
[PlyCount "81"]
[EventDate "2017.??.??"]

1.d4 d5 2.c4 e6 3.Nc3 c6 4.e3 Nf6 5.Nf3 Be7 6.Bd3 O-O 7.e4 dxe4 8.Nxe4 Nbd7 9.
O-O Nxe4 10.Bxe4 Nf6 11.Bc2 c5 12.dxc5 Qxd1 13.Rxd1 Bxc5 14.Bg5 Ng4 15.Bh4 h6
16.h3 g5 17.Bg3 Nf6 18.Be5 Nh5 19.g3 b6 20.Be4 f6 21.Bc7 Rf7 22.Bxa8 Rxc7 23.
Kg2 Ba6 24.Rd8+ Kg7 25.b3 f5 26.Rad1 Bc8 27.Ne5 Kf6 28.Nd7+ Bxd7 29.R1xd7 Rxd7
30.Rxd7 f4 31.Bf3 Ng7 32.Rxa7 Nf5 33.a3 fxg3 34.fxg3 Ne3+ 35.Kh1 Nf1 36.g4 Nd2
37.Bd1 Ne4 38.Bc2 Nf2+ 39.Kg2 e5 40.b4 Bd4 41.Rd7 1-0